00566nam a2200181Ia 4500999001500000020001500015082001600030245005700046250000800103260003800111300001200149504001900161650003100180700001800211700002100229942001200250952012200262 c9795d9795 a1857431103 aRR 060 EUR- 0aEuropa directory of international organizations 2002 a4th aLondonbEuropa Publicationsc2002 axii,633 aincludes index aInternational organization aCanton, Helen aHolman, Catriona cBK2ddc 001040708DaNASSDOCbNASSDOCd2016-09-15i2004-10-22l0oRR 060 EUR-pD001499r2019-04-18 00:00:00w2019-04-18yBK